00281nam a2200097Ia 4500008004100000020001400041100002000055245006500075260002400140300001900164180305s9999 xx 000 0 und d a789732696 aRinehart, Wilda cWilda Rinehart, Diann Sloan, Clara HurdaExam Cram NCLEX-RN/ aUSAbQue Pub.c2005 axii, 633 Pages